Handbook of Thermal Spray Technology (Record no. 564057)

000 -LEADER
fixed length control field 00339nam a2200121Ia 4500
008 - FIXED-LENGTH DATA ELEMENTS--GENERAL INFORMATION
fixed length control field 210430s9999 xx 000 0 und d
082 ## - DEWEY DECIMAL CLASSIFICATION NUMBER
Classification number 671.734 T3741 H
100 ## - MAIN ENTRY--PERSONAL NAME
Personal name J.R.Davis
9 (RLIN) 53773
245 ## - TITLE STATEMENT
Title Handbook of Thermal Spray Technology
Statement of responsibility, etc. J.R.Davis
260 ## - PUBLICATION, DISTRIBUTION, ETC.
Place of publication, distribution, etc. America
Name of publisher, distributor, etc. TSS Asm Thermal Society
Date of publication, distribution, etc. 2004
300 ## - PHYSICAL DESCRIPTION
Extent 338p
942 ## - ADDED ENTRY ELEMENTS (KOHA)
Koha item type Book
Source of classification or shelving scheme
Holdings
Withdrawn status Lost status Damaged status Not for loan Collection code Permanent Location Current Location Shelving location Date acquired Total Checkouts Full call number Barcode Date last seen Price effective from Koha item type
          School of Chemical & Materials Engineering (SCME) School of Chemical & Materials Engineering (SCME) General Stacks     671.734 T3741 H SCME-3244 04/30/2021 04/30/2021 Book
© 2023 Central Library, National University of Sciences and Technology. All Rights Reserved.